000 00851nas a2200277 4500
001 BR9102626
003 BR-BrBNA
005 20231205092029.0
007 ta
008 230509b bl.|||p| |||| 00| 00por d
040 _aBR-BrBNA
_bpor
_cBiblioteca Nacional de Agricultura
041 _a(Pt)
072 _aF30
100 1 _aSoares, A.A.
100 1 _aSoares, P.C.
100 1 _aPereira, E.B.
100 1 _aReis, M. de S.
245 1 _aDouradao, novo cultivar de arroz de sequeiro para Minas Gerais
246 1 _a"Douradao" - a new upland rice cultivar for Minas Gerais state, Brazil
650 _aARROZ SEQUEIRO
650 _aVARIEDADE
650 _aMINAS GERAIS
773 0 _tRevista Ceres (Brazil)
_xISSN 0034-737X
_g(Jan-Feb 1991), v. 38(215) p. 75-80
_wBR9102626
909 _a202311
_bLúcia
_c55
_dLúcia Elande
942 _2AGRIS
_n0
_cANA
999 _c128810
_d128810